• AIU
  • Tony Wilmot Memorial Library

Chronological Bible storying : (Record no. 64422)

MARC details
000 -LEADER
fixed length control field 00446nam a2200121 4500
082 0# - DEWEY DECIMAL CLASSIFICATION NUMBER
Classification number 220.9505
100 1# - MAIN ENTRY--PERSONAL NAME
Personal name Terry, J. O; Slack, Jim & Evans, Steve
245 10 - TITLE STATEMENT
Title Chronological Bible storying :
Remainder of title An introduction to the oral communication of the Bible
Statement of responsibility, etc J. O Terry; Jim Slack & Steve Evans
260 ## - PUBLICATION, DISTRIBUTION, ETC. (IMPRINT)
Place of publication, distribution, etc Johannesburg
Name of publisher, distributor, etc International Publication Services
Date of publication, distribution, etc c.1996
300 ## - PHYSICAL DESCRIPTION
Extent p.
700 1# - ADDED ENTRY--PERSONAL NAME
Personal name Terry, J. O; Slack, Jim & Evans, Steve
942 ## - ADDED ENTRY ELEMENTS (KOHA)
Source of classification or shelving scheme
Koha item type Books

No items available.